Statistics for Samuel L. Jackson Films by Character

Click here to take the quiz!

General Stats

  • This quiz has been taken 641 times
  • The average score is 8 of 29

Answer Stats

YearCharacterAnswer% Correct
1994Jules WinnfieldPulp Fiction
87%
2012Nick FuryThe Avengers
82%
1999Mace WinduStar Wars Episode I: The Phantom Menace
65%
2002Mace WinduStar Wars Episode II: Attack of the Clones
64%
2005Mace WinduStar Wars Episode III: Revenge of the Sith
62%
2000John ShaftShaft
61%
2004Lucius Best/FrozoneThe Incredibles
53%
2006Neville FlynnSnakes on a Plane
45%
2012StephenDjango Unchained
42%
1997Ordell RobbieJackie Brown
38%
2005Ken CarterCoach Carter
38%
1995Zeus CarverDie Hard with a Vengeance
26%
1996Carl Lee HaileyA Time to Kill
20%
1993John Raymond ArnoldJurassic Park
19%
1990Parnell Steven "Stacks" EdwardsGoodfellas
19%
2010Detective PK HighsmithThe Other Guys
18%
1998Lt. Danny RomanThe Negotiator
17%
2003Sgt. Dan 'Hondo' HarrelsonS.W.A.T.
17%
2002Elmo McElroyThe 51st State
16%
2004RufusKill Bill Vol 2
13%
2002Augustus GibbonsxXx
11%
1991Gator PurifyJungle Fever
9%
2000Col. Terry L. ChildersRules of Engagement
8%
1993Big DonTrue Romance
7%
1997Trevor GarfieldOne Eight Seven
5%
1997Louis BatisteEve's Bayou
3%
1988LeedsSchool Daze
2%
2010PaulMother and Child
1%
1990UlyssesA Shock to the System
1%

Score Distribution

Percentile by Number Answered

Percent of People with Each Score

Your Score History

You have not taken this quiz